Statistiques concernant Géographie par lettre - T

Cliquez ici pour prendre le quiz!

Statistiques générales

  • Ce quiz a été pris 25 537 fois
  • Le résultat moyen est 15 sur 24

Statistiques - réponses

allusionréponse% Correct
La plus grande ville du JaponTokyo
98%
La plus grande ville du CanadaToronto
94%
Titre pour l'empereur de Russietsar
94%
Le fleuve de LondresTamise
90%
2ème plus grand Etat américainTexas
89%
Capitale de l'IranTéhéran
85%
Pays où se situe le mont KilimandjaroTanzanie
79%
Nation himalayenne annexée par la Chine en 1950Tibet
75%
Liqueur mexicaine à base d'agavetequila
69%
Lac des Andes, 3800 mètres d'altitudeTiticaca
64%
Région italienne dont la capitale est FlorenceToscane
64%
Île polynésienne où vivait Paul GauguinTahiti
60%
Île juste au sud de l'Australie continentaleTasmanie
59%
Le fleuve de RomeTibre
59%
Mouvement politique qui a gouverné l'Afghanistan 1996-2001talibans
58%
Prairies arctiques ou alpines sans arbrestoundra
55%
Art martial coréentaekwondo
53%
La religion chinoise qui suit les enseignements de Lao Tseutaoïsme
50%
Mausolée de Mumtaz MahalTaj Mahal
48%
Place de Londres et emplacement de la colonne NelsonTrafalgar
42%
Hôte des Jeux olympiques d'hiver 2006Turin
38%
Terme pour une forêt de conifères et subarctiquetaïga
35%
Langue des PhilippinesTagalog
17%
Rivière qui coule dans une plus grande rivière; un affluenttributaire
6%

Distribution des résultats

Percentile par nombre de réponses

% des personnes avec chaque résultat

Votre développement - résultats

Vous n’avez pas pris ce quiz